<?xml version="1.0" encoding="UTF-8"?>
<marc:record xmlns:marc="http://www.loc.gov/MARC21/slim">
   <marc:leader>00000nam a2200000 a 4500</marc:leader>
   <marc:datafield ind1="1" ind2=" " tag="100">
      <marc:subfield code="a">Landa, Norbert</marc:subfield>
      <marc:subfield code="4">aut</marc:subfield>
      <marc:subfield code="e">Verfasser/-in</marc:subfield>
   </marc:datafield>
   <marc:datafield ind1=" " ind2=" " tag="653">
      <marc:subfield code="a">Ostern</marc:subfield>
   </marc:datafield>
   <marc:datafield ind1="0" ind2="0" tag="245">
      <marc:subfield code="a">Leselöwen Osterhasengeschichten</marc:subfield>
   </marc:datafield>
   <marc:datafield ind1="0" ind2="0" tag="245">
      <marc:subfield code="c">Norbert Landa. Zeichnungen von Michael Schober</marc:subfield>
   </marc:datafield>
   <marc:datafield ind1=" " ind2="1" tag="264">
      <marc:subfield code="a">Bindlach</marc:subfield>
      <marc:subfield code="b">Loewe</marc:subfield>
      <marc:subfield code="c">2005</marc:subfield>
   </marc:datafield>
   <marc:datafield ind1="1" ind2=" " tag="520">
      <marc:subfield code="a">Nicht an den Osterhasen zu glauben, kann ganz schön unangenehme Folgen haben. (ab 6) (JE)      Diese Erfahrung macht Elias, als zwei Osterhasen in der Nacht sein Zimmer verwüsten - aus Rache für Elias' Ungläubigkeit. Dass es sich auch für Osterhasen auszahlt, literarisch gebildet zu sein, davon kann man sich in einer anderen Erzählung überzeugen: Osterhasennachwuchs Tom wird von seiner Tante Polly dazu verdonnert, bei schönstem Sonnenschein die längst fälligen Ostereier zu bemalen. Er macht das mit so viel Hingabe, dass seine Freunde ihn schließlich dafür bezahlen, ihm die Arbeit abnehmen zu dürfen. Oder sollte gar der selige Mark Twain die Geschichte von einem Osterhasen erzählt bekommen haben?  Die unterhaltsamen Geschichten, sehr gelungen und witzig von Michael Schober illustriert, werden sicher ihre kleinen Leser finden. Für alle Bestände zu empfehlen.  *bn* Anita Ruckerbauer</marc:subfield>
   </marc:datafield>
   <marc:datafield ind1=" " ind2=" " tag="020">
      <marc:subfield code="a">9783785553268</marc:subfield>
      <marc:subfield code="9">9783785553268</marc:subfield>
   </marc:datafield>
   <marc:datafield ind1=" " ind2=" " tag="300">
      <marc:subfield code="a">59 S. : zahlr. Ill.</marc:subfield>
   </marc:datafield>
</marc:record>
